| 000 | 00000nam##2200000za#4500 |
| 001 | 9.602164 |
| 003 | CaOODSP |
| 005 | 20210624210431 |
| 007 | cr ||||||||||| |
| 008 | 150406|2000||||xxc|||||o f|0| 0 fre|d |
| 040 | |aCaOODSP|bfre |
| 043 | |an-cn--- |
| 086 | 1 |aNH18-23/58F-PDF |
| 110 | 2 |aSociété canadienne d'hypothèques et de logement. |
| 245 | 10|aLes conditions de logement des personnes ayant des problèmes de santé et des limitations d'activité au Canada, en 1991 : |h[ressource électronique]|brétrospective |
| 260 | |aOttawa - Ontario : |bSociété canadienne d'hypothèques et de logement |c[2000]. |
| 300 | |a6p. |
| 490 | 1 |aLe point en recherche. Série socio-économique|v58 |
| 590 | |a11-22-Supp|b2011-10-13 |
| 691 | 07|aLogement subventionné|2gcpds |
| 691 | 07|aPersonne handicapée|2gcpds |
| 775 | 08|tThe housing conditions of persons with health and activity limitations in Canada, 1991 : |w(CaOODSP)9.571737 |
| 776 | 0#|tLes conditions de logement des personnes ayant des problèmes de santé et des limitations d'activité au Canada, en 1991 : |w(CaOODSP)9.625356 |
| 830 | #0|aLe point en recherche. Série socio-économique ;|v58|w(CaOODSP)9.501568 |
| 856 | 40|ahttp://publications.gc.ca|qPDF|s152 Ko|uhttps://publications.gc.ca/collections/Collection/NH18-23-58F.pdf|y58 |